| 000 | 00613nam a2200145Ia 4500 | ||
|---|---|---|---|
| 008 | 170221s9999 xx 000 0 und d | ||
| 100 | _aAnastasia V. Kistova | ||
| 245 | _aRegional Peculiarities in Modernization Processes within the Territories of Central Siberia | ||
| 245 | _cAnastasia V. Kistova, Julia S. Zamaraeva, Natalia N. Pimenova, Ksenia V. Reznikova, Natalia P. Koptseva, Natalia N. Seredkina | ||
| 260 | _bInternational Review of Management and Marketing | ||
| 260 | _cDecember 2013 | ||
| 300 | _a5:2 | ||
| 650 | _xMarketing. | ||
| 856 | _uhttp://www.econjournals.com/index.php/irmm/issue/view/88 | ||
| 999 |
_c310335 _d310335 |
||